Регионална библиотека "Любен Каравелов" - Русе

Гъбарко (Запис номер 123066)

MARC детайли
000 -Лидер
Контролно поле с фиксирана дължина 01499nam a2200349 c 4500
003 - Код на организацията, давaща контролен номер
Контролно поле BLK
005 - Дата и час на последна редакция
Контролно поле 20240926004019.0
008 - Елементи от данни с фиксирана дължина
fixed length control field 180409b bul|||||r ||||||| ||bul||
010 ## - Наследен системен номер
LC control number KNG00128719000
020 ## - Международен стандартен номер на книга ISBN
Международен стандартен номер на книга ISBN 954-406-020-0
040 ## - Източник на каталожния запис
Идентификатор на билиотеката - собственик на записа BLK
041 ## - Код за език
Код за езика на текст/звукозапис или на отделно заглавие Български
Код за езика КДБФ Български
080 ## - УДК
Текстов определител УДК Българска литература
УДК код - определител по УДК 821.163.2
УДК определител -93-1
УДК - код + определител 821.163.2-93-1
100 1# - Редна дума - Автор
Автор Батко Златко
Авторска отговорност първи автор
Автор - информация (биография) Батембергски, Марин Петров
R(LIN) 268839
139 ## - Редно поле
Редна дума Батко Златко
Авторски знак Бат - Б 28
245 10 - Сведения за заглавието
Заглавие Гъбарко
Подзаглавни данни Приказка в стихове
Редно поле (дума) Батко Златко; худож. Вадим Вадимович Лазаркевич; * Марин Петров Батембергски.
250 ## - Област на изданието
Сведения за изданието 3. изд.
257 ## - Страна на издаване
Страна на създаване/издаване България
260 ## - Област на издателските данни
Име на издателя, разпространителя и проч. Бълг. художник
Година на издаване 1993
Място на издаване, разпространение и проч. София
300 ## - Физическа характеристика
Страници 17 с.
Илюстрации и др. с цв. ил.
Размери/Мащаб 31 см
380 ## - Жанр
Жанр Детска худож. лит.
490 ## - СЕРИИ (Колекции)
Име на серия Библиотека Любими детски илюстратори
9 (RLIN) 204993
500 ## - Общи забележки
Забележка Батко Златко - псевд. на Марин Петров Батембергски. - 1. изд. 1963.
700 1# - Други автори (авторска отговорност)
Лично име Батембергски, Марин Петров
Автороска отговорност (Описва отношението между автора и произведението) *
9 (RLIN) 283920
852 ## - Местоположение
Форматна сигнатура Цб ІІ 17118
856 4# - Електронен адрес и достъп
Електронен формат pdf - файл
856 4# - Електронен адрес и достъп
Електронен формат pdf - файл
999 ## - СИСТЕМНИ КОНТРОЛНИ НОМЕРА
Koha biblionumber 123066
Koha biblioitemnumber 123066
942 ## - АРТИКУЛИ
Вид на библиотечния материал Книги
Скрит в OPAC Не
Периодичен библиозапис Да
944 ## - СЪЗДАВАНЕ И РЕДАКЦИЯ на ЗАПИСА
Създаване/Редакция Създаване
Дата на регистрацията/редакция 14.03.2012
Статус, дата на статуса CRON CRON
Служител, извършил регистрацията/редакцията
944 ## - СЪЗДАВАНЕ И РЕДАКЦИЯ на ЗАПИСА
Създаване/Редакция Редакция
Дата на регистрацията/редакция 27.03.2012
Статус, дата на статуса 14.03.2012 - от С1,Р / 14.03.2012
999 ## - СИСТЕМНИ КОНТРОЛНИ НОМЕРА
Koha biblioitemnumber 123066
Наличности
Код за отписване Код за изгубен артикул Източник на класификационната схема Код за повреда Коз за рестрикции Код за отдаване Артикулен № Име на библиотеката - собственик Име на библиотеката, в която се намира в момента Статус (Текущо местоположение) Дата на вписване в системата Местоположение - отдел Цена в лева Инвентарен номер Систематично азбучна сигнатура Баркод Номер на екземпляра Цена в евро Служебна бележка Служебен тип на артикула
  Не е изгубен Universal Decimal Classification Не е повреден без рестрикции ползва се в читалня 199185 Регионална библиотека "Любен Каравелов" Русе Регионална библиотека "Любен Каравелов" Русе Хранилище 1993-01-01 Хранилище 16.90 594582 Цб ІІ 17118 120000594582 1 8.64 N: стар фонд Дата: 01.01.1993 Книги
Изтеглен Не е изгубен Universal Decimal Classification Не е повреден без рестрикции заемане за дома 199186 Регионална библиотека "Любен Каравелов" Русе Регионална библиотека "Любен Каравелов" Русе Детски отдел 1993-01-01 Детски отдел 0.12 608818 ДХ 886.7/Б 28 608818 2 0.06 N: стар фонд Дата: 01.01.1993 Дата инв: 17.08.2015 Бележки инв: Д2015 Книги
Vip Innovations Ltd, Rousse, Bulgaria 2025